| 000 | 00000nam 2200000zi 4500 |
| 001 | 9.945551 |
| 003 | CaOODSP |
| 005 | 20250122151129 |
| 006 | m o d f |
| 007 | cr cn||||||||| |
| 008 | 241125t20252025onca osb f000 0 eng d |
| 020 | |a9780660746586 |
| 040 | |aCaOODSP|beng|erda|cCaOODSP |
| 043 | |an-cn--- |
| 086 | 1 |aCS11-627/2025-7E-PDF |
| 245 | 00|aLanguage diversity in Canada. |
| 264 | 1|a[Ottawa] : |bStatistics Canada = Statistique Canada, |c[2025] |
| 264 | 4|c©2025 |
| 300 | |a1 online resource (1 unnumbered page) : |billustrations |
| 336 | |atext|btxt|2rdacontent |
| 337 | |acomputer|bc|2rdamedia |
| 338 | |aonline resource|bcr|2rdacarrier |
| 500 | |aCaption title. |
| 500 | |aIssued also in French under title: La diversité linguistique au Canada. |
| 504 | |aIncludes bibliographical references. |
| 520 | |a"In 2021, 10.7 million people in Canada, or 30% of the population, could speak a non-official language. Of these, 10 million (94%) also knew English or French"--Page [1]. |
| 650 | 0|aLanguage and languages|xVariation. |
| 650 | 0|aLanguage maintenance|zCanada|vStatistics. |
| 650 | 0|aLinguistic minorities|zCanada|vStatistics. |
| 650 | 0|aLanguage surveys|zCanada|vStatistics. |
| 655 | 7|aStatistics|2lcgft |
| 710 | 2 |aStatistics Canada, |eissuing body. |
| 775 | 08|tLa diversité linguistique au Canada.|w(CaOODSP)9.945553 |
| 856 | 40|qPDF|s134 KB|uhttps://publications.gc.ca/collections/collection_2025/statcan/11-627-m/11-627-m2025007-eng.pdf |
| 856 | 4 |qHTML|sN/A|uhttps://www150.statcan.gc.ca/n1/pub/11-627-m/11-627-m2025007-eng.htm |
| 986 | |a11-627-M |